All IndyCar Engine Manufacturer Champions - Statistics

General Stats
  • This quiz has been taken 353 times
  • The average score is 4 of 5
Answer Stats
Total Wins Manufacturer % Correct
18 Chevrolet
99%
22 Honda
98%
1 Ford-Cosworth
90%
2 Toyota
83%
10 Oldsmobile
40%
No matching quizzes found
Score Distribution
Percent of People with Each Score
Percentile by Number Answered
Your Score History
You have not taken this quiz